MANAGEMENT OF SYSTEM (Record no. 8499)

MARC details
000 -LEADER
fixed length control field 00371nam a22001457a 4500
005 - DATE AND TIME OF LATEST TRANSACTION
control field 20240130112615.0
008 - FIXED-LENGTH DATA ELEMENTS--GENERAL INFORMATION
fixed length control field 240130b |||||||| |||| 00| 0 eng d
020 ## - INTERNATIONAL STANDARD BOOK NUMBER
ISBN 81-85814-52-X
041 ## - LANGUAGE CODE
Language code of text/sound track or separate title eng
100 ## - MAIN ENTRY--AUTHOR NAME
Personal name NAUHRIA, R.N. AND PRAKASH RAJNISH
245 ## - TITLE STATEMENT
Title MANAGEMENT OF SYSTEM
260 ## - PUBLICATION, DISTRIBUTION, ETC. (IMPRINT)
Place of publication NEW DELHI
Name of publisher WHEELER PUBLISHING
Year of publication 1995
300 ## - PHYSICAL DESCRIPTION
Number of Pages 792;p
942 ## - ADDED ENTRY ELEMENTS (KOHA)
Koha item type Books
Holdings
Lost status Damaged status Home library Current library Date acquired Source of acquisition Accession Number Koha item type
    JRU Library JRU Library 25/01/2020 DONATION 23602 Books